| 000 | 00372 a2200169 4500 | ||
|---|---|---|---|
| 001 | 173698 | ||
| 020 | _a85-08-00735-3 | ||
| 040 | _cMagnum | ||
| 100 | _aOliveira, Ganymédes José Santos de | ||
| 240 | 1 | 0 |
_aO ônibus musical _lpor |
| 245 | 1 | 0 | _aO ônibus musical |
| 300 | _a32 | ||
| 362 | 0 | _a1987 | |
| 440 | 1 | _aÁtica | |
| 697 | _aLITERATURA INFANTO | ||
| 942 | _cBK | ||
| 999 |
_c173698 _d173698 |
||